000 00648nam a2200229Ia 4500
003 OSt
005 20220928114855.0
006 a|||||r|||| 00| 0
007 ta
008 220927b |||||||| |||| 00| 0 eng d
024 _a99447
037 _cTextual
040 _aSDCL
_cSDCL
_beng
041 _2eng
_aeng
082 _aB321, L4
100 _aWeinstock Robert
_9441769
245 0 _aCalculus of variations with applications to physics and engineering
260 _aNew York
_b Dover Publications
_c1974
300 _ax,326+Various p.
_ccm.
942 _hB321, L4
_cTEXL
_2CC
999 _c757139
_d757139